| 000 | 01548nam a2200373 i 4500 | ||
|---|---|---|---|
| 003 | DO-SdBNP | ||
| 005 | 20250716134402.0 | ||
| 006 | a||||gr|||| 00| 0 | ||
| 007 | ta | ||
| 008 | 240812b2025 dr ag||| |||| 00| m spa d | ||
| 040 |
_aDO-SdBNP _bspa _cBNPHU _erda |
||
| 041 | _aspa | ||
| 082 | 4 |
_axxx _bM385a _222 |
|
| 100 | 1 |
_aMartínez Mesón, Ramón, _d1965- _eautor _4aut. _986312 |
|
| 245 | 1 | 0 |
_aEl acordeón en el pentagrama / _bRamón Martínez Mesón ; edición, Yokaira Martínez ; diseñador, Juan Tejeda. |
| 250 | _aPrimera edición | ||
| 264 |
_aSanto Domingo Oeste, República Dominicana : _b[no identificado], _c2025. |
||
| 300 |
_avolumen : _bilustraciones, música ; _c28 cm. |
||
| 336 |
_atexto _btxt _2rdacontent |
||
| 337 |
_asin mediación _bn _2rdamedia |
||
| 338 |
_avolumen _bnc _2rdacarrier |
||
| 500 | _aIncluye datos biográficos del autor y el diseñador en las paginas 71-74 | ||
| 500 | _aLa Biblioteca posee el volumen 1 | ||
| 504 | _a | ||
| 590 | _aInventariado, 2025 /LP | ||
| 590 | _aLa biblioteca posee 1 ejemplar autografiado por el autor. | ||
| 650 | 0 |
_aMúsica _xMétodo de Aprendizaje _92775 |
|
| 650 | 4 |
_aInstrumentos Musicales Dominicanos _9461 _xMétodo de Aprendizaje |
|
| 650 | 4 |
_aLectura Musical _942648 |
|
| 700 | 1 |
_aTejeda, Juan, _d1972- _ediseñador _4di. _980714 |
|
| 700 | 1 |
_aMartínez, Yokaira, _eeditor _4ed. _986312 |
|
| 910 | _aLP | ||
| 942 |
_2ddc _cLBS1 |
||
| 999 |
_c59560 _d59560 |
||